| 000 | 00592nam a22001817a 4500 | ||
|---|---|---|---|
| 005 | 20160909151747.0 | ||
| 010 | _aEN-115986 | ||
| 020 |
_a9789381384664 _c120.00 |
||
| 035 | _aEN-99518 | ||
| 037 | _bDBAD/PUB | ||
| 082 | _a649.133 | ||
| 100 | _aChtterjee,Rupa | ||
| 245 |
_aRaising a daughter in this 21st century India : _cby Roopa Chatterjee _bfrom craddle to marrige and after / |
||
| 260 |
_aNew Delhi _bV&S Publishers _c2013 |
||
| 270 |
_aF-2/16,Ansari Road,Daryaganj _bNew Delhi _e110002 |
||
| 300 |
_a147p. : _c22cm (pbk) _bill |
||
| 942 |
_2ddc _cEN _h649.133 _mCHA |
||
| 999 |
_c103235 _d103235 |
||